000 00973nam a22003017a 4500
001 BR7907421
003 BR-BrBNA
005 20230928090249.0
007 ta
008 230509b bl.||||| |||| 00| 0 por d
040 _aBR-BrBNA
_bpor
_cBiblioteca Nacional de Agricultura
041 _a(Por)
072 _aE30
_b/G514
090 _ E30 BR7907421
110 1 _aCamara dos Deputados, Brasilia, DF (Brasil). Comissao de Agricultura e Politica Rural
_91316
111 1 _aSimposio de Agropecuaria da Regiao Geoeconomica de Brasilia
_cBrasilia, DF (Brazil)
_d23 Mar 1976
245 1 _aSimposio de agropecuaria da regiao geoeconomica de Brasilia [Brasil]
260 3 _aBrasilia, DF (Brasil):
_c1979.
300 _a314 p.
650 _aAGRICULTURA
650 _aPECUARIA
650 _aDESENVOLVIMENTO AGRICOLA
650 _aDESENVOLVIMENTO ECONOMICO
650 _aREGIAO GEOECONOMICA
650 _aBRASILIA
909 _a202309
_bLucia
_c55
_dLucia Elande
942 _cBK
999 _c28238
_d28238